Восстановление информации по изображениям; Современные техника и технологии; Т. 1

書誌詳細
Parent link:Современные техника и технологии: X Юбилейная международная научно-практическая конференция студентов, аспирантов и молодых ученых, посвященная 400-летию г. Томска, Томск, 29 марта - 2 апреля 2004 г./ Томский политехнический университет.— , 2004
Т. 1.— 2004.— С. 182-184
第一著者: Ленхардт С. М.
言語:ロシア語
出版事項: 2004
主題:
フォーマット: 図書の章
KOHA link:https://koha.lib.tpu.ru/cgi-bin/koha/opac-detail.pl?biblionumber=183206

MARC

LEADER 00000naa2a2200000 4500
001 183206
005 20251205110853.0
035 |a (RuTPU)RU\TPU\book\198588 
090 |a 183206 
100 |a 20100705d2004 k y0rusy50 ca 
101 0 |a rus 
102 |a RU 
105 |a y z 100zy 
200 1 |a Восстановление информации по изображениям  |f С. М. Ленхардт 
320 |a Библиогр.: 2 назв. 
461 1 |0 (RuTPU)RU\TPU\book\66154  |t Современные техника и технологии  |o X Юбилейная международная научно-практическая конференция студентов, аспирантов и молодых ученых, посвященная 400-летию г. Томска, Томск, 29 марта - 2 апреля 2004 г.  |o труды  |f Томский политехнический университет  |d 2004 
463 0 |0 (RuTPU)RU\TPU\book\65882  |t Т. 1  |v С. 182-184  |d 2004 
610 1 |a информация 
610 1 |a восстановление 
610 1 |a изображения 
610 1 |a труды учёных ТПУ 
700 1 |a Ленхардт  |b С. М. 
801 1 |a RU  |b 63413507  |c 20100705 
801 2 |a RU  |b 63413507  |c 20140329  |g RCR 
942 |c BK